Statistics for Answers Contain "Yellow"

Click here to take the quiz!

General Stats

  • This quiz has been taken 35 times
  • The average score is 10 of 17

Answer Stats

ClueAnswer% Correct
Business section of phone bookYellow pages
100%
National Park mostly in WyomingYellowstone
100%
Path to the Wizard of OzYellow brick road
97%
Nautical "Beatles" residenceYellow Submarine
94%
Killed 1000s working on Panama CanalYellow Fever
74%
"It was an itsy bitsy teenie weenie..."Yellow polka-dot bikini
74%
Coward body partYellow Belly
66%
Chicago Taxi Company Founded 1908Yellow Cab
66%
US rock band, also football/soccer cautionYellowcard
63%
Species of waspYellow Jacket
63%
Tropical Tuna speciesYellowfin Tuna
54%
Lemon-lime soda pop brandMellow Yellow
43%
Capital of Canada's Northwest TerritoriesYellowknife
34%
Form of Uranium, wasn't found in IraqYellowcake Uranium
29%
Crude exaggeration by the pressYellow Journalism
29%
Snapper or Japanese Amberjack speciesYellowtail
23%
Song by Pearl JamYellow Ledbetter
3%

Score Distribution

Percentile by Number Answered

Percent of People with Each Score

Your Score History

You have not taken this quiz